00322nam a22001457a 4500003000400000005001700004008004100021020001800062040002300080050001200103082001200115100001700127245002300144260000900167OSt20211026151515.0211026b |||||||| |||| 00| 0 eng d a0 19 859454 2 cHawassa university a633/IRV a633/IRV aIrvine f. r. aWest African Crops c1969